Nuevos desafíos para el desarrollo profesional docente
Zapisane w:
| 1. autor: | |
|---|---|
| Format: | Książka |
| Język: | hiszpański |
| Wydane: |
Santiago
CPEIP
2007
Santiago Ministerio de Educación 2007 |
| Hasła przedmiotowe: | |
| Etykiety: |
Dodaj etykietę
Nie ma etykietki, Dołącz pierwszą etykiete!
|
MARC
| LEADER | 00000nam a2200000 a 4500 | ||
|---|---|---|---|
| 001 | UCH2794 | ||
| 003 | CL-VaPUC | ||
| 005 | 20211216074438.0 | ||
| 008 | 090624e20070000cl 1 spa d | ||
| 020 | |a 9789562921817 | ||
| 044 | |a cl |2 marc | ||
| 044 | |a cl |2 marc | ||
| 082 | 0 | 4 | |a 371.1 |b DOR |2 21 |
| 100 | 1 | |a Doren Santander, Daniela |e author |9 621420 | |
| 245 | 1 | 0 | |a Nuevos desafíos para el desarrollo profesional docente |
| 260 | |a Santiago |b CPEIP |c 2007 | ||
| 260 | |a Santiago |b Ministerio de Educación |c 2007 | ||
| 300 | |a 108 p | ||
| 583 | |a last modification |c 20190908 06:55:39 |k Rodrigo Vera | ||
| 650 | 0 | 0 | |a Formación profesional de profesores |9 307493 |
| 650 | 0 | 0 | |a Innovaciones pedagógicas |9 307471 |
| 650 | 0 | 0 | |a Planificación de la educación |9 307333 |
| 650 | 0 | 0 | |a Calidad de la educación |9 307271 |
| 650 | 0 | 0 | |a Política educacional |9 308011 |
| 942 | |c BK | ||
| 945 | |a dcastane |d 20090624 00:00:00 | ||
| 546 | |a En Español | ||
| 536 | |a CPEIP | ||
| 518 | |p Nuevos desafíos para el desarrollo profesional docente, 40, Santiago, julio a septiembre 2007 | ||
| 999 | |c 384446 |d 384444 | ||
| 952 | |0 0 |1 0 |4 0 |6 371_100000000000000_DOR_2007 |7 0 |8 A |9 507159 |a BIBEDU |b BIBEDU |d 2020-01-23 |i 4564057 |o 371.1 DOR 2007 |p 4564057 |r 2020-01-23 |w 2020-01-23 |y BK |k BME | ||
| 952 | |0 0 |1 0 |4 0 |6 371_100000000000000_DOR_2007 |7 0 |8 A |9 507160 |a BIBEDU |b BIBEDU |d 2020-01-23 |i 4564065 |o 371.1 DOR 2007 |p 4564065 |r 2020-01-23 |w 2020-01-23 |y BK |k BME | ||